| 000 | 01362nam a2200301 a 4500 | ||
|---|---|---|---|
| 001 | 000037684 | ||
| 005 | 20240409073644.0 | ||
| 008 | 121115s2012 dr abcd 001 0 spa d | ||
| 020 | _a9789945074536 | ||
| 040 |
_aDO-SdBNP _bspa _cBNPHU |
||
| 082 |
_a325.246097293 _bA388i |
||
| 100 | 1 |
_aAlfonseca Giner de los Ríos, Juan B., _b1957- _964147 |
|
| 245 | 1 | 3 |
_aEl incidente del trasatlántico Cuba : _buna historia del exilio republicano español en la sociedad dominicana, 1938-1944 / _cJuan B. Alfonseca Giner de los Ríos. |
| 260 |
_aSanto Domingo : _bArchivo General de la Nación, _c2012. |
||
| 300 |
_a346 p. : _bil., mapas, retrs., tablas ; _c22 cm. |
||
| 490 | 1 |
_aArchivo General de la Nación ; _v162 |
|
| 504 | _aIncluye referencias bibliográficas y notas al pie de páginas. | ||
| 504 | _aBibliografía : p. 295-303. | ||
| 590 | _aInventariado, 2018/BT | ||
| 650 | 4 |
_aExpatriación _zEspaña _964148 |
|
| 650 | 4 |
_aRefugiados políticos _xHistoria _yERA DE TRUJILLO, 1930-1961 _964149 |
|
| 651 | 4 |
_aRepública Dominicana _xEmigración E Inmigración _9290 |
|
| 651 | 4 |
_aEspaña _xEmigración E Inmigración _96797 |
|
| 651 | 4 |
_aEspaña _xHistoria _yGUERRA CIVIL, 1936-1939 _93531 |
|
| 651 | 4 |
_aEspañoles En República Dominicana _xHistoria _964150 |
|
| 830 | 0 |
_aArchivo General de la Nación ; _n162 _964151 |
|
| 910 | _aValidado. Control de calidad. EMS | ||
| 999 |
_c37174 _d37174 |
||